000 01170nam a2200253 i 4500
001 bg
245 0 0 _aKluczowa rola gminy w aktywizacji zawodowej osób niepełnosprawnych :
_bmateriały szkoleniowe do cykli szkoleniowych prowadzonych przez Krajową Izbę Gospodarczo-Rehabilitacyjną w ramach realizacji Projektu Partnerskiego.
260 _aWarszawa :
_bKrajowa Izba Gospodarczo-Rehabilitacyjna. Dział Informacji Gospodarczej i Wydawnictw,
_c2007.
300 _a296 s. :
_bwykr. ;
_c24 cm.
500 _aNa s. 2 okł. : zeszyt 47.
504 _aWykaz aktów prawnych s. 136.
536 _aProjekt finansowany z Europejskiego Funduszu Społecznego w ramach Programu Inicjatywy Wspólnotowej EQUAL dla Polski 2004-2006.
650 9 _aNiepełnosprawni
_xpraca
_xprawo
_zPolska
_ystan na 2007 r.
650 9 _aPrzedsiębiorstwo społeczne
_zPolska
650 9 _aSamorząd gminny
_xa niepełnosprawni
_xprawo
_ystan na 2007 r.
020 _a9788392362784
040 _cBPK
041 _apol
044 _aPOL
080 _a334.732-056.26:331.5-056-26:349.2/.3:352](438)
920 _a978-83-923627-8-4
942 _cKS
008 s pl f |000 0 pol
999 _c55503
_d55503
856 _uhttp://koha.tu.koszalin.pl/cgi-bin/koha/opac-detail.pl?biblionumber=55503
_yKatalog online BPK